Univerzitné pastoračné centrum, Bratislava

Na minha lista:
Detalhes bibliográficos
Autor principal: Šimko, Stanislav (Author)
Outros Autores: Bacová, Andrea (Thesis advisor)
Formato: Manuscrito Livro
Idioma:eslovaco
Publicado em: 2025
Assuntos:
Acesso em linha:http://is.stuba.sk/zp/portal_zp.pl?podrobnosti=185876
Tags: Adicionar Tag
Sem tags, seja o primeiro a adicionar uma tag!

MARC

LEADER 00000ntm a22000003a 4500
001 stuzp105069
003 SK-STU
005 20250607211101.2
007 ta
008 150427s2015----xo-----f-mn---000-0-slo-d
040 |a STU  |b slo 
041 0 |a slo 
100 1 |a Šimko, Stanislav  |u 051110  |4 aut  |U FAD Fakulta architektúry a dizajnu  |T FAD Ústav architektúry obytných budov  |X 105764  |U A1110  |Y 392  |7 105764 
242 0 1 |a University pastoral center, Bratislava  |y eng 
245 1 0 |a Univerzitné pastoračné centrum, Bratislava 
260 |c 2025 
650 4 |a inclusion  |2 eng 
650 4 |a atrium  |2 eng 
650 4 |a Mlynská dolina  |2 eng 
650 4 |a University Pastoral Centre  |2 eng 
650 4 |a community  |2 eng 
650 4 |a komunita  |2 slo 
650 4 |a Mlynská dolina  |2 slo 
650 4 |a átrium  |2 slo 
650 4 |a inklúzia  |2 slo 
650 4 |a Univerzitné pastoračné centrum  |2 slo 
700 1 |a Bacová, Andrea  |u 051110  |k Z1  |4 ths  |U FAD Fakulta architektúry a dizajnu  |T FAD Ústav architektúry obytných budov  |X 354  |U A1110  |Y 392  |7 A000000354 
856 4 |u http://is.stuba.sk/zp/portal_zp.pl?podrobnosti=185876